000 01032nam a22002412 4500
001 0000011714
005 20151217152100.0
008 090105s xx 000 0 eng d
040 _aKABU
_cKABU
110 2 _aRoyal Geographical Society.
_@0000150497
245 1 0 _aHints to travellers :
_bscientific and general /
_cedited for the Council of the Royal Geographical Society by E. A. Reeves.
250 _a9th Rev. and enlarged ed.
260 _aLondon :
_bRoyal Geographical Society,
_c1906.
300 _a2 v.
505 0 _aV. I. Surveying and practical astronomy - V. II. Meteorology, photography,geology, natural history, anthropology, industry and commerce, archaeology, medical, etc.
650 0 _aScientific expeditions
_xHandbooks.
_@0000167697
650 0 _aTopographical surveying.
_@0000167698
700 1 _aReeves, E. A.
_@0000167699
852 1 _9p500 KES
852 1 _9p500 KES
908 _a090105
950 _@1
999 _c8040
_d8040